000 00638nam a2200217Ia 4500
005 20250508165528.0
008 008 250505s9999 xx 000 0 eng d
020 _a978-1-138-19123-5
037 _aTextBook
040 _aFEDL
_beng
_cFEDL
041 _aeng
_2eng
084 _a371.82, GUP/R
_qFEDL
100 _aGupta Latika
_933498
245 0 _aEducation, poverty and gender: Schooling Muslim girls in India
260 _aNew York, USA
_bRoutledge
_c2015
300 _axix, 165p.
365 _aINR
_b895
546 _aFirst South Asia edition is 2016
942 _cTB
_h371.82, GUP/R
999 _c1395678
_d1395678